Biblioteca

Pa que se acabe la vaina : (Registro nro. 45189)

Detalles MARC
000 -LÍDER
Campo fijo de descripción fija 01740aam a2200301 i 4500
001 - NÚMERO DE CONTROL
Campo de control 768714001
003 - IDENTIFICADOR DEL NÚMERO DE CONTROL
Campo de control CO-MdFUSB
005 - FECHA Y HORA DE LA ULTIMA TRANSACCIÓN
control field 20211029163332.0
007 - CAMPO FIJO DE DESCRIPCIÓN FIJA--INFORMACIÓN GENERAL
Campo fijo de descripción fija ta
008 - ELEMENTOS DE LONGITUD FIJA -- INFORMACIÓN GENERAL
Campo fijo de descripción fija -- Información general 211029t2013 ck |||| |||| 00| 0 spa d
020 ## - NÚMERO INTERNACIONAL NORMALIZADO PARA LIBROS
Número Internacional Normalizado del libro 9789584237149
040 ## - FUENTE DE CATALOGACIÓN
Idioma de catalogación spa.
Agencia de catalogación original CO-MdFUSB
Agencia que realiza la transcripción CO-MdFUSB
Agencia que realiza la modificación CO-MdFUSBC
Convenciones de la descripción rda
041 ## - CÓDIGO DE IDIOMA
Código de idioma para texto/pista de sonido o título separado spa
082 04 - NÚMERO DE CLASIFICACIÓN DECIMAL DEWEY
Número de clasificación 864
Clave de autor-Numero de item OS83
Número de la edición del Dewey 23
100 1# - ASIENTO PRINCIPAL--NOMBRE PERSONAL
Nombre personal Ospina, William, 1954- (Autor/a)
Término relacionador autor
245 10 - TÍTULO
Título del Material Pa que se acabe la vaina :
Parte restante del título - Subtitulo la vieja Colombia murió el 9 de abril de 1948: la nueva no ha nacido todavía
Mención de responsabilidad, etc. / William Ospina
264 #1 - PRODUCCIÓN, PUBLICACIÓN, DISTRIBUCIÓN, MANUFACTURA, Y COPYRIGHT
Lugar de producción, publicación, distribución, manufactura Bogotá, Colombia :
Nombre del productor, publicador, distribuidor Planeta,
Fecha de producción, publicación, distribución, manufactura, o copyright [2013]
264 #4 - PRODUCCIÓN, PUBLICACIÓN, DISTRIBUCIÓN, MANUFACTURA, Y COPYRIGHT
Fecha de producción, publicación, distribución, manufactura, o copyright © 2013
300 ## - DESCRIPCIÓN FÍSICA
Extensión 237 páginas
Dimensiones ; 23 cm
336 ## - TIPO DE CONTENIDO
Fuente rdacontent
Término de tipo de contenido texto
Código de tipo de contenido tdi
337 ## - TIPO DE MEDIO
Fuente rdamedia
Nombre del tipo de medio sin mediación
Código del tipo de medio n
338 ## - TIPO DE SOPORTE
Fuente rdacarrier
Nombre del tipo de soporte volumen
Código Tipo de soporte nc
520 ## - NOTA DE RESUMEN, ETC.
Nota de sumario, etc. Cada colombiano tiene que decir su verdad. Y sólo cuando toda verdad pueda ser dicha, cuando dejemos de estar encerrados en la verdad ajena, aprenderemos otra vez a polemizar sin matarnos, y le habremos dado su sentido al grito musical de Emiliano Zuleta que recorre a Colombia hace setenta años y que le da su nombre a este libro. Algo está cambiando en Colombia. Después de siglos de repeticiones, donde una cultura, un pueblo y un territorio fueron persistentemente borrados y ninguneados por poderes arrogantes, una realidad enorme está emergiendo, un pueblo desconocido está descubriendo su propia existencia, un territorio está brotando a la luz. Tarde o temprano lo que era guerra aprenderá a ser diálogo, lo que era violencia aprenderá a ser exigencia y reclamo, lo que era silencio podrá convertirse en relato.
563 ## - NOTA DE ENCUADERNACIÓN
Nota de encuadernación Rústico
650 #7 - ASIENTO SECUNDARIO DE MATERIA - TERMINO TEMÁTICO
Término temático o nombre geográfico como elemento de entrada Literatura colombiana
Fuente del encabezamiento o término embne
9 (RLIN) 2518
942 ## - TIPO DE MATERIAL (KOHA)
Tipo de Item KOHA Libros General
945 ## - INFORMACIÓN LOCAL DEL REGISTRO
Catalogador JTF-925
Existencias
Estado de Material Estado de Perdido Forma de Clasificación Estado de Dañado No para Préstamo Colección Tomo Biblioteca de Origen Biblioteca Permanente Fecha de Adquisición Total de Préstamos Signatura Topográfica Código de Barras Última vez visto Última vez Préstado Ejemplar/Existencia Fecha de Remplazo Tipo de Material Forma de Adquisición
    Dewey Decimal Classification     Colección General   Biblioteca FUSBC Biblioteca FUSBC 18/11/2014 3 G 864 OS83p 18772 12/12/2019 02/06/2016 Ej. 1 26/01/2016 Libros General  
    Dewey Decimal Classification     Colección General   Biblioteca FUSBC Biblioteca FUSBC 02/06/2015 2 G 864 OS83p 22677 05/09/2025 28/08/2025 Ej. 2 02/06/2016 Libros General Donación

Biblioteca FUSBC | Teléfono: (57+4) 349 88 10 Ext. 141| WhatsApp (+57) 3005338115 
E-mail: biblioteca@unisbc.edu.co | Calle 76 87-14 Robledo Palenque, Medellín, Colombia

Con tecnología Koha